000 01387nam a2200373 i 4500
001 11950
003 KOSZ 005
005 20191214090756.0
008 080303s1964 pl a g 001 0 pol
015 _aPB 1964/5759
040 _aWA N
_cKOSZ 005/RW
_dKOSZ 005/RW
041 1 _apol
_hrus
080 _a1(09)
245 0 0 _aHistoria filozofii.
_nT. 2,
_pFilozofia XV-XVIII w. /
_c[red. F. G. Aleksandrow et al. ; przekł. Stanisław Nowakowski, Ruta Światło, Witold Wudel].
246 3 0 _aFilozofia XV-XVIII w.
246 1 _iTyt. oryg.:
_aIstoriâ filosofii.
250 _aWyd. 2.
260 _aWarszawa :
_b"Książka i Wiedza",
_c1964.
300 _a519, [1] s., [28] k. tabl. :
_bil. ;
_c25 cm.
380 _aKsiążki
504 _aIndeks.
650 4 _aFilozofia
_xhistoria
_y15-18 w.
648 4 _a1601-1700
648 4 _a1701-1800
648 4 _a1401-1500
648 4 _a1501-1600
700 1 _aAleksandrov, Georgij Fëdorovič
_d(1908-1961).
_eOpracowanie
700 1 _aŚwiatło, Ruta.
_eTł.
700 1 _aWudel, Witold.
_eTł.
700 1 _aNowakowski, Stanisław.
_eTłumaczenie
710 2 _aSpółdzielnia Wydawniczo-Handlowa "Książka i Wiedza"
_4pbl.
856 _uhttp://koha.tu.koszalin.pl/cgi-bin/koha/opac-detail.pl?biblionumber=11950
_yKatalog online BPK
942 _2UKD
_cKS
999 _c11950
_d11950